Tvorba študijných materiálov pre predmet Optimalizácia v MOODLE bakalárska práca

Guardado en:
Detalles Bibliográficos
Autor principal: Hodúrová, Barbora
Formato: Libro
Lenguaje:eslovaco
Publicado: Bratislava STU FCHPT 2015
Acceso en línea:Ver en el OPAC
Etiquetas: Agregar Etiqueta
Sin Etiquetas, Sea el primero en etiquetar este registro!

MARC

LEADER 00000nam a2200000 a 4500
005 20260127134305.0
008 151126 2015 000 0 slo d
035 |a vtls011424671 
039 9 |y 201511261413  |z mschk03 
040 |a STUSCHK1  |b slo  |c STUSCHK1  |e AACR2 
100 1 |a Hodúrová, Barbora 
245 1 |a Tvorba študijných materiálov pre predmet Optimalizácia v MOODLE  |b bakalárska práca  |c Barbora Hodúrová 
260 |a Bratislava  |b STU FCHPT  |c 2015 
300 |a 59 s.  |b il.  |c 25 cm 
500 |a Študijný program: automatizácia, informatizácia a manažment v chémii a potravinárstve 
500 |a Študijný odbor: automatizácia, priemyselné inžinierstvo 
500 |a Školiace pracovisko: Ústav informatiyácie, automatizácie a matematiky 
500 |a Evid. číslo: FCHPT-5415-61826 
910 |a SCHK95 
999 |c 8930  |d 8930